000 00726nam a2200193Ia 4500
003 GCL
008 140319s9999 xx 000 0 ara d
040 _aGCL /
_cGCL
082 0 4 _a956.905
_bى د
100 1 _aيزيد صايغ
245 1 0 _aرفض الهزيمة: بدايات العمل المسح فى الضفة والقطاع 1967 /
_cيزيد صايغ
260 _a[S.N] :
_bمؤسسة الدراسات الفلسطينية ،
_c1992
300 _a81 ص
490 _aاوراق مؤسسة الدراسات الفلسطسينية
_v0
650 0 4 _aمنظمة التحرير الفلسطينية
650 0 4 _aفلسطين المحتلة
650 0 4 _aالفدائيون الفلسطينيون
942 _2ddc
_cBK
999 _c53870
_d53870